MESTSKÁ KNIŽNICA GIRALTOVCE  - online katalóg 

Marketingové aplikácie (Record no. 23257)

000 -NÁVESTIE
fixed length control field 01199nam a2200373 a 4500
001 - EVIDENČNÉ ČÍSLO ZÁZNAMU - Kontrolné číslo
control field vtls009294333
005 - DÁTUM A ČAS POSLEDNEJ TRANSAKCIE
control field 20220615113035.0
008 - ÚDAJE S PEVNOU DĹŽKOU – VŠEOBECNÉ INFORMÁCIE
fixed length control field 160610s2008 xo l d p 000 0 slo
020 ## - MEDZINÁRODNÉ ŠTANDARDNÉ ČÍSLO KNIHY (ISBN)
Medzinárodné štandardné číslo knihy (ISBN) 9788022524780 (brož.)
035 ## - Iný štandardný identifikátor
Iný štandardný identifikátor EFFCF736-2372-4BD9-A391-B76718471CF0
035 ## - Iný štandardný identifikátor
Iný štandardný identifikátor urn:nbn:sk:snk-amlg3l
035 ## - Iný štandardný identifikátor
Iný štandardný identifikátor urn:nbn:sk:snk-am0093gc
040 ## - ZDROJ KATALOGIZÁCIE
Pôvodná katalogizujúca agentúra SNK
Jazyk katalogizácie slo
Prepisujúca agentúra SNK
Konvencie popisu AACR2
041 0# - KÓD JAZYKA
Kód jazyka textu/zvukovej stopy alebo samostatných nápisov slo
044 ## - KÓD KRAJINY VYDAVATEĽA/PRODUCENTA
Kód krajiny MARC xo
Kód krajiny ISO SK
072 #7 - KÓD PREDMETOVEJ KATEGÓRIE
Kód predmetovej kategórie 339
Pododdiel kódu predmetovej kategórie Obchod
Zdroj konspekt
080 ## - ČÍSLO MEDZINÁRODNÉHO DESATINNÉHO TRIEDENIA (MDT)
Číslo Medzinárodného desatinného triedenia (MDT) 339.138
Identifikátor vydania 2001
080 ## - ČÍSLO MEDZINÁRODNÉHO DESATINNÉHO TRIEDENIA (MDT)
Číslo Medzinárodného desatinného triedenia (MDT) (075.8)
Identifikátor vydania 2001
100 1# - OSOBNÉ MENÁ – VŠEOBECNÉ INFORMÁCIE
Osobné meno Čimo, Jozef,
Dátumy súvisiace s menom 1942-
-- 3103
245 10 - NÁZOV
Názov Marketingové aplikácie
Údaj o zodpovednosti atď. Jozef Čimo a kolektív
250 ## - ÚDAJ O PORADÍ VYDANIA
Údaj o poradí vydania 1. vyd.
260 ## - VYDAVATEĽSKÉ ÚDAJE, DISTRIBÚCIA ATĎ.
Miesto publikovania, distribúcie atď. Bratislava
Názov vydavateľa, distibútora atď. Ekonóm
Dátum publikovania, distribúcie atď. 2008
300 ## - FYZICKÝ POPIS
Rozsah 389 s.
Ďalšie fyzické detaily sch., tab.
Rozmery 20 cm
650 07 - PRIDANÝ VSTUP – PREDMET – TEMATICKÉ HESLO
Tematické heslo alebo geografický názov ako vstupný prvok marketing
Zdroj hesla alebo termínu SNKPH
-- 3035
655 #7 - INDEXAČNÝ TERMÍN – ŽÁNER/FORMA
Údaje o žánri/forme alebo termín, ktorý je prvok fazety učebnice vysokých škôl
Zdroj termínu SNKPH
-- 3091
700 1# - PRIDANÝ VSTUP – OSOBNÉ MENO
Osobné meno Čihovská, Viera,
Dátumy súvisiace s menom 1948-
Kód roly aut
-- 3104
700 1# - PRIDANÝ VSTUP – OSOBNÉ MENO
Osobné meno Francová, Zuzana,
Dátumy súvisiace s menom 1971-
Kód roly aut
-- 3105
700 1# - PRIDANÝ VSTUP – OSOBNÉ MENO
Osobné meno Hasprová, Mária,
Dátumy súvisiace s menom 1970-
Kód roly aut
-- 3106
700 1# - PRIDANÝ VSTUP – OSOBNÉ MENO
Osobné meno Lipianska, Júlia,
Dátumy súvisiace s menom 1950-
Kód roly aut
-- 3107
700 1# - PRIDANÝ VSTUP – OSOBNÉ MENO
Osobné meno Oreský, Milan
Kód roly aut
-- 3108
700 1# - PRIDANÝ VSTUP – OSOBNÉ MENO
Osobné meno Štensová, Antónia,
Dátumy súvisiace s menom 1940-
Kód roly aut
-- 3109
700 1# - PRIDANÝ VSTUP – OSOBNÉ MENO
Osobné meno Tajtáková, Mária
Kód roly aut
-- 3110
958 ## - Formálny deskriptor
Formálny deskriptor NB
Holdings
Stav stiahnutia (Blokovanie) (Withrawn status) Stav straty Zdroj klasifikácie pre skladovanie Stav poškodenia (Damaged status) Nie pre výpožičky (Not for loan) Spôsob nadobudnutia (Collection code) Trvalé umiestnenie Aktuálne umiestnenie Dátum nadobudnutia Inventárne číslo (prírastkové číslo) Celkom výpožičky Full call number Čiarový kód Vypožičaných Dátum posledného výskytu Dátum poslednej výpôžičky Cena s účinnosťou od Typ jednotky Koha
          Dar Mestská knižnica Giraltovce Mestská knižnica Giraltovce 2022-06-15 21590 1 S1517 S1517 2023-12-03 2023-11-03 2023-11-03 2022-06-15 Odborná literatúra pre dospelých

Powered by Koha